00350nam a2200133 a 45000010010000000030011000100080041000210350026000620820016000881000020001042450031001242600043001556500018001980000-8697ELIB.Books110520 1955  a(ELIB.Books)0000-8843 a227.6 bPhi aPhillips, J. B. aThe Young Church in action bNew York: The Macmillan Company c1955 aNew Testament